Análisis de incorporación de criterios de conservación y uso sostenible de la biodiversidad en instrumentos de fomento del sector agropecuario : (Registro nro. 19078)

Detalles MARC
000 -CABECERA
Campo de control 00919nam a2200205 a 4500
005 - FECHA Y HORA DE LA ULTIMA TRANSACCION
Campo de control 20161011083443.0
008 - ELEMENTOS DE LONGITUD FIJA—INFORMACION GENERAL
Campo de control 161011s20122 ck ad|||r |||| 00| 0 spa d
040 ## - FUENTE DE CATALOGACIÓN
Agencia catalogadora original CO-BoIAVH
Agencia transcriptora CO-BoIAVH
041 0# - IDIOMA
Código de idioma para texto/pista de sonido o título separado Español
044 ## - PAÍS DE PUBLICACIÓN
País de publicación Colombia
090 ## - CLASIFICACIÓN LOCAL
Colección FG-
Consecutivo 0065
245 00 - MENCION DE TITULO
Título Análisis de incorporación de criterios de conservación y uso sostenible de la biodiversidad en instrumentos de fomento del sector agropecuario :
Parte restante del título Casos crédito agropecuario e Incentivo a la Capitalización Rural ICR
260 ## - PUBLICACION, DISTRIBUCION, ETC. (PIE DE IMPRENTA)
Lugar de publicación, distribución, etc. Bogotá?, Colombia :
Nombre del editor, distribuidor, etc. GEF :
-- PNUD,
Fecha de publicación, distribución, etc. 2012.
300 ## - DESCRIPCION FISICA
Extensión 1 plegable (17 páginas) :
Otros detalles físicos ilustraciones a color y tablas ;
Dimensiones 23 x 16 cm.
500 ## - NOTA GENERAL
Nota general Conservación de la biodiversidad en predios productivos.<br/>
650 26 - ASIENTO SECUNDARIO DE MATERIA - TERMINO TEMATICO
Término temático o nombre geográfico como elemento de entrada Conservación de la diversidad biológica
Subdivisión general incentivos
9 (RLIN) 76817
650 26 - ASIENTO SECUNDARIO DE MATERIA - TERMINO TEMATICO
Término temático o nombre geográfico como elemento de entrada Biodiversidad
Subdivisión general uso sostenible
9 (RLIN) 76818
650 24 - ASIENTO SECUNDARIO DE MATERIA - TERMINO TEMATICO
Término temático o nombre geográfico como elemento de entrada Sector agropecuario
Subdivisión general incentivos
9 (RLIN) 76819
942 ## - ELEMENTOS ADICIONALES (KOHA)
Sistema de clasificación Local
Tipo de ítem Folleto
Existencias
Withdrawn status Lost status Sistema de Clasificación Damaged status No para préstamo Colección Inventariado Ubicación Permanente Ubicación actual Fecha de adquisición Total Checkouts Número topográfico Inventario / Código de Barras Date last seen Ejemplar Price effective from Forma de adquisición Tipo de material
    Local     Hemeroteca Inventariado 2017 Bogotá Bogotá 11/10/2016   FG-0065 040755 11/10/2016 Ej. 1 11/10/2016 Donación Folleto